Theories of Economics Growth (Record no. 2106)

MARC details
000 -LEADER
fixed length control field 00339nam a22001337a 4500
008 - FIXED-LENGTH DATA ELEMENTS--GENERAL INFORMATION
fixed length control field 250305b |||||||| |||| 00| 0 eng d
020 ## - INTERNATIONAL STANDARD BOOK NUMBER
ISBN 017712205
100 ## - MAIN ENTRY--AUTHOR
Author JONES, G. Hywel
245 ## - TITLE STATEMENT
Title Theories of Economics Growth
260 ## - PUBLICATION, DISTRIBUTION, ETC. (IMPRINT)
Place of publication Southhampton
Name of publisher Thomas Nelson & Sons. Ltd.
300 ## - COLLATION
Pagination ix, 253p.
942 ## - ADDED ENTRY ELEMENTS (KOHA)
Item type Books
050 ## - LIBRARY OF CONGRESS CALL NUMBER
Classification number HD82
Item number .J66
Holdings
Source of classification or shelving scheme Not for loan Permanent location Current location Date acquired Accession No. Full call number Barcode. Koha item type
Library of Congress Classification   Samuel Ogbemudia Main Library, University of Abuja Samuel Ogbemudia Main Library, University of Abuja 03/05/2025 92/006800 HD82.J66 2025-0292 Books